Регионална библиотека "Любен Каравелов" - Русе

Европа навлиза в българските земи (Запис номер 205088)

MARC детайли
000 -Лидер
Контролно поле с фиксирана дължина nam a22 a 4500
003 - Код на организацията, давaща контролен номер
Контролно поле BLK
005 - Дата и час на последна редакция
Контролно поле 20220215151539.0
008 - Елементи от данни с фиксирана дължина
fixed length control field 180411b bul|||||r ||||||| ||bul||
010 ## - Наследен системен номер
LC control number KNG00214689000
040 ## - Източник на каталожния запис
Идентификатор на билиотеката - собственик на записа BLK
041 ## - Код за език
Код за езика на текст/звукозапис или на отделно заглавие Български
Код за езика КДБФ Български
072 ## - Код за тематичната категория
9 (RLIN) 178284
Код за тематична категория Н92
Текст История Н
072 ## - Код за тематичната категория
9 (RLIN) 178370
Код за тематична категория Я
Текст Автографи
072 ## - Код за тематичната категория
9 (RLIN) 178187
Код за тематична категория К
Текст Краезнание
080 ## - УДК
Текстов определител УДК Българската държава през ХІХ и ХХ вв.
УДК код - определител по УДК 94(497.2)"18/19""
139 ## - Редно поле
Редна дума Европа навлиза в българските земи
Авторски знак Еври - Е 20
245 10 - Сведения за заглавието
Заглавие Европа навлиза в българските земи
Подзаглавни данни (Втората половина на ХІХ - началото на ХХ век)
Редно поле (дума) състав. и ред. Николай Чакъров.
257 ## - Страна на издаване
Страна на създаване/издаване България
260 ## - Област на издателските данни
Година на издаване 2017
9 (RLIN) 389427
Място на издаване, разпространение и проч. Русе
Име на издателя, разпространителя и проч. Емма Фуудс
300 ## - Физическа характеристика
Страници 157 с.
Размери/Мащаб 22 см
380 ## - Жанр
Жанр История
500 ## - Общи забележки
Забележка Библиогр. след отд. докл.
651 #7 - Допълнително описание по предмет - топоним
9 (RLIN) 179462
Географско понятие Русе
651 #0 - Допълнително описание по предмет - топоним
9 (RLIN) 241624
Географско понятие България
653 #7 - Ключова дума – ненормативна
9 (RLIN) 182637
Ключова дума българска история
659 #7 - Тематичен бюлетин
9 (RLIN) 178160
Тематичен бюлетин Н
Тематичен бюлетин - текст Нови книги
659 #7 - Тематичен бюлетин
9 (RLIN) 178158
Тематичен бюлетин К
Тематичен бюлетин - текст Краезнание
659 #7 - Тематичен бюлетин
9 (RLIN) 178167
Тематичен бюлетин Я
Тематичен бюлетин - текст Автографи
700 1# - Други автори (авторска отговорност)
Лично име Чакъров, Николай Иванов
Автороска отговорност (Описва отношението между автора и произведението) състав. и ред.
9 (RLIN) 381135
852 ## - Местоположение
Форматна сигнатура Цб 288395
852 ## - Местоположение
Форматна сигнатура К 94(497.2)/Е 20
856 4# - Електронен адрес и достъп
Електронен формат pdf - файл
856 4# - Електронен адрес и достъп
Електронен формат pdf - файл
999 ## - СИСТЕМНИ КОНТРОЛНИ НОМЕРА
Koha biblionumber 205088
Koha biblioitemnumber 205088
942 ## - АРТИКУЛИ
Вид на библиотечния материал Книги
Скрит в OPAC Не
Периодичен библиозапис Да
944 ## - СЪЗДАВАНЕ И РЕДАКЦИЯ на ЗАПИСА
Създаване/Редакция Създаване
Дата на регистрацията/редакция 28.11.2017
Служител, извършил регистрацията/редакцията Виолета_Тройчева
944 ## - СЪЗДАВАНЕ И РЕДАКЦИЯ на ЗАПИСА
Създаване/Редакция Редакция
Дата на регистрацията/редакция 29.11.2017
Служител, извършил регистрацията/редакцията Пенка_Димитрова
999 ## - СИСТЕМНИ КОНТРОЛНИ НОМЕРА
Koha biblioitemnumber 205088
999 ## - СИСТЕМНИ КОНТРОЛНИ НОМЕРА
Koha biblioitemnumber 205088
Наличности
Код за отписване Код за изгубен артикул Код за повреда Коз за рестрикции Код за отдаване Артикулен № Име на библиотеката - собственик Име на библиотеката, в която се намира в момента Статус (Текущо местоположение) Дата на вписване в системата Местоположение - отдел Цена в лева Инвентарен номер Систематично азбучна сигнатура Баркод Номер на екземпляра Цена в евро Служебна бележка Служебен тип на артикула Източник на класификационната схема
  Не е изгубен Не е повреден без рестрикции ползва се в читалня 353236 Регионална библиотека "Любен Каравелов" Русе Регионална библиотека "Любен Каравелов" Русе Хранилище 2017-11-29 Основен фонд - ползва се само за читалня 15.00 120000817443 Цб 288395 120000817443 1 7.67 Дост: DA Вид: А N: 41 Дата: 29.11.2017 Книги  
  Не е изгубен Не е повреден без рестрикции ползва се в читалня 353237 Регионална библиотека "Любен Каравелов" Русе Регионална библиотека "Любен Каравелов" Русе Краезнание 2017-11-29 Краезнание 15.00 120000817444 К 94(497.2)/Е 20 120000817444 2 7.67 Дост: DA Вид: А N: 41 Дата: 29.11.2017 Книги Universal Decimal Classification
Vip Innovations Ltd, Rousse, Bulgaria 2025